Trabajo autn̤omo y discapacidad Estado de la cuestin̤ y propuestas de reforma /

Bibliographic Details
Main Author: Barrios Baudor, Guillermo L.
Format: eBook
Language:Spanish
Published: Madrid: Editorial Universitaria Ramn̤ Areces, 2014
Subjects:
Online Access:Acceso restringido

MARC

LEADER 00000nam a22000007a 4500
005 2017062507327.0
007 cr|||| ||||
008 170625s2014 es |||||s|||| 00||0 spa d
020 |a 13: 978-84-9961-152- 
035 |a 20370 
040 |a vLex 
090 |c 6790  |d 6790 
100 1 |a Barrios Baudor, Guillermo L. 
245 1 0 |a Trabajo autn̤omo y discapacidad  |h [Recurso electrn̤ico] :  |b Estado de la cuestin̤ y propuestas de reforma /  |c Guillermo L. Barrios Baudor 
256 |a Servicio en ln̕ea 
260 |a Madrid:  |b Editorial Universitaria Ramn̤ Areces,  |c 2014 
300 |a 1 recurso electrn̤ico 
500 |a El trabajo realiza un estudio del emprendimiento y del trabajo por cuenta propia, que centra en las personas con discapacidad. Analiza exhaustivamente la normativa estatal y la de las Comunidades Autn̤omas, ordenǹdola y sistematizǹdola para facilitar su anl̀isis y su correcta compresin̤. Hace unos cuadros muy ilustrativos del estado normativo; cuadros que facilitan el entendimiento del mismo en su conjunto y nos ayudan a la difc̕il tarea de relacional esas normas entre s,̕ y concluye realizando una serie de novedosas propuestas en orden a facilitar la deseada integracin̤ de ese numeroso grupo de personas. 
506 1 |a Disponible solo en los productos indicados  |d vLex Global  |d vLex Global (Academic Edition, excluding Law Schools)  |d vLex Global (U.S. Academic Edition, Law Schools)  |d vLex Global (U.S. Academic Edition, excluding Law Schools)  |d vLex Global (Academic Edition, Law Schools) 
650 0 4 |a Derecho Laboral y Seguridad Social  |z Espaą 
740 0 |a vLex Libros (Servicio en ln̕ea) 
856 4 0 |u http://vlex.com/source/trabajo-autonomo-y-discapacidad-estado-de-la-cuestion-y-propuestas-de-reforma-20370  |z Acceso restringido 
942 |c BOOK 
999 0 |a Labor law and social security